NFL Teams Old Logos - Statistics

General Stats
  • This quiz has been taken 401 times
  • The average score is 9 of 10
Answer Stats
Picture Answer % Correct
Buffalo Bills
99%
Atlanta Falcons
98%
Philadelphia Eagles
98%
Miami Dolphins
97%
Dallas Cowboys
96%
Denver Broncos
96%
New England Patriots
95%
Tampa Bay Buccaneers
89%
Pittsburgh Steelers
88%
Tennessee Titans
85%
No matching quizzes found
Score Distribution
Percent of People with Each Score
Percentile by Number Answered
Your Score History
You have not taken this quiz